000
00300nam a22001337a 4500
008
180126b xxu||||| |||| 00| 0 eng d
020
_a
9780321013712
041
_a
eng
080
_2
7th
_a
316
100
_a
50
101
_a
SOC
245
_a
Racial and ethnic group
_c
Schaefer,R.T
942
_2
udc
_c
BK
999
_c
41044
_d
41044